|
|
|
|
| LEADER |
01860nam a2200481 a 4500 |
| 001 |
001258210 |
| 003 |
CZ BrMZK |
| 005 |
20121102084720.0 |
| 007 |
ta |
| 008 |
121017s2012 xr a e f 000 0 cze |
| 015 |
|
|
|a cnb002390139
|
| 020 |
|
|
|a 978-80-87165-53-9
|q (kroužková vazba)
|
| 035 |
|
|
|a (OCoLC)817048389
|
| 040 |
|
|
|a BOA001
|b cze
|
| 043 |
|
|
|a e-xr---
|
| 072 |
|
7 |
|a 373.2/.3
|x Předškolní a primární výchova a vzdělávání
|2 Konspekt
|9 22
|
| 080 |
|
|
|a 373.2
|2 MRF
|
| 080 |
|
|
|a 371.214
|2 MRF
|
| 080 |
|
|
|a 316.3/.6
|2 MRF
|
| 080 |
|
|
|a 0/9
|2 MRF
|
| 080 |
|
|
|a 502/504
|2 MRF
|
| 080 |
|
|
|a (437.3)
|2 MRF
|
| 080 |
|
|
|a (072)
|2 MRF
|
| 080 |
|
|
|a (076.1)
|2 MRF
|
| 100 |
1 |
|
|a Přikrylová, Milada,
|d 1966-2018
|7 pna2006370579
|4 aut
|
| 245 |
1 |
0 |
|a Praktické náměty pro konkretizované očekávané výstupy RVP PV 5.
|n 5,
|p Vzdělávací oblast: Dítě a svět (environmentální) /
|c autorka Milada Přikrylová ; ilustrace Gabriela Přikrylová
|
| 246 |
3 |
0 |
|a Vzdělávací oblast: Dítě a svět (environmentální)
|
| 246 |
3 |
0 |
|a Dítě a svět
|
| 260 |
|
|
|a Kroměříž :
|b Přikrylová Milada Plus,
|c 2012
|
| 300 |
|
|
|a 88 s. :
|b il. ;
|c 30 cm
|
| 490 |
1 |
|
|a Barevné kamínky
|
| 650 |
0 |
7 |
|a předškolní výchova
|7 ph124887
|2 czenas
|
| 650 |
0 |
7 |
|a vzdělávací programy
|7 ph127309
|z Česko
|2 czenas
|
| 650 |
0 |
7 |
|a člověk a společnost
|7 ph116878
|x environmentální aspekty
|2 czenas
|
| 650 |
0 |
7 |
|a všeobecnosti a zajímavosti
|7 ph116736
|2 czenas
|
| 655 |
|
7 |
|a metodické příručky
|7 fd132826
|2 czenas
|
| 655 |
|
7 |
|a pracovní listy
|7 fd250497
|2 czenas
|
| 700 |
1 |
|
|a Přikrylová, Gabriela,
|d 1973-
|7 pna2006370580
|4 ill
|
| 830 |
|
0 |
|a Barevné kamínky
|0 s
|
| 910 |
2 |
|
|a BOA001
|b 4-1291.607,5
|
| 990 |
|
|
|a BK
|
| 991 |
|
|
|b 201211
|c NOV
|e n
|
| 996 |
6 |
|
|b 2610526218
|c 4-1291.607,5
|l MZK
|r Sklad / do 1 hodiny
|n 4
|p p.v.
|w 001293099
|u 000010
|a 1
|e BOA001
|j MZK50
|s P
|